[Event "Rus Women's Ch"]
[Site "Elista"]
[Date "2002.05.11"]
[Round "1"]
[White "Grabuzova T"]
[Black "Styazhkina O"]
[Result "1-0"]
[WhiteTitle "GM"]
[WhiteElo "2388"]
[WhiteCountry "RUS"]
[BlackTitle "GM"]
[BlackElo "2265"]
[BlackCountry "RUS"]
[Remark "Message"]
[PresId "13"]

1. b3 e5 2. Bb2 Nc6 3. e3 d5 4. Bb5 Bd6 5. f4 Qh4+ 6. g3 Qe7 7. Nf3 f6
8. Nc3 Be6 9. f5 Bxf5 10. Nxd5 Qd7 11. O-O Nh6 12. d4 e4 13. Nh4 Bg4
14. Qe1 O-O-O 15. c4 a6 16. Ba4 f5 17. Nc3 g5 18. Ng2 Qg7 19. Bxc6
bxc6 20. Na4 Bf3 21. c5 Be7 22. Qa5 Be2 23. Rf2 Bb5 24. Nc3 Bf6 25. a4
Bd3 26. Ne1 Kb7 27. Nxd3 exd3 28. Qb4+ Ka7 29. d5 Rb8 30. Qa5 d2 31.
Rxd2 Qe7 32. Nb5+ cxb5 33. axb5 1-0

[Event "Rus Women's Ch"]
[Site "Elista"]
[Date "2002.05.11"]
[Round "1"]
[White "Druzhinina O"]
[Black "Kosintseva T"]
[Result "0-1"]
[WhiteElo "2261"]
[WhiteCountry "RUS"]
[BlackTitle "IM"]
[BlackElo "2336"]
[BlackCountry "RUS"]
[Remark "Message"]
[PresId "14"]

1. e4 c5 2. b3 d6 3. Bb2 Nf6 4. Bb5+ Nc6 5. Bxc6+ bxc6 6. Qe2 e5 7.
Nc3 Be7 8. O-O-O O-O 9. d3 Ne8 10. g4 Nc7 11. Qf3 Ne6 12. Nge2 Nd4 13.
Qg2 a5 14. Nxd4 cxd4 15. Ne2 a4 16. h4 axb3 17. axb3 Ra2 18. Kb1 Qa5
19. Nc1 Rxb2+ 20. Kxb2 d5 21. Na2 Qa3+ 22. Kb1 Be6 0-1

[Event "Rus Women's Ch"]
[Site "Elista"]
[Date "2002.05.11"]
[Round "1"]
[White "Slavina I"]
[Black "Khasanova E"]
[Result "1/2-1/2"]
[WhiteTitle "GM"]
[WhiteElo "2370"]
[WhiteCountry "RUS"]
[BlackTitle "IM"]
[BlackElo "2256"]
[BlackCountry "RUS"]
[Remark "Message"]
[PresId "15"]

1. d4 Nf6 2. c4 c5 3. d5 b5 4. Nf3 g6 5. Qc2 b4 6. e4 d6 7. h3 Bg7 8.
Bd3 O-O 9. O-O e5 10. a3 Na6 11. Re1 Nh5 12. Bg5 Qd7 13. Qd1 Nf4 14.
Bc2 Nxg2 15. Kxg2 Qxh3+ 16. Kg1 Bg4 17. Nbd2 f6 18. Be3 f5 19. Bg5 h6
20. Bh4 Bxf3 21. Nxf3 g5 22. exf5 gxh4 23. Re3 Qg4+ 24. Kh1 e4 25.
Bxe4 Rae8 26. Qe2 bxa3 27. Raxa3 Nb4 28. Ra1 Kh8 29. Rg1 Qf4 30. Bb1
Rb8 31. Re7 Bf6 32. Re6 Na6 33. Rxf6 Rxf6 34. Qe7 Qxf3+ 35. Rg2 Qxg2+
36. Kxg2 Rbf8 37. Qxa7 Nb4 38. Qe7 R8f7 39. Qe8+ Kg7 40. Kh3 Na6 41.
Kxh4 Rf8 42. Qe7+ R8f7 43. Qe3 Nb4 44. Qg3+ Kf8 45. Qc3 Ke7 46. Be4
Kf8 47. Qa3 Kg7 48. Qg3+ Kh8 49. Qe3 Kg7 50. Qf4 Re7 1/2-1/2

[Event "Rus Women's Ch"]
[Site "Elista"]
[Date "2002.05.11"]
[Round "1"]
[White "Matveyeva S"]
[Black "Mirzoeva E"]
[Result "1-0"]
[WhiteTitle "GM"]
[WhiteElo "2437"]
[WhiteCountry "RUS"]
[BlackTitle "IM"]
[BlackElo "2296"]
[BlackCountry "RUS"]
[Remark "Message"]
[PresId "11"]

1. d4 Nf6 2. c4 e6 3. Nc3 Bb4 4. e3 Bxc3+ 5. bxc3 O-O 6. Bd3 d6 7. e4
e5 8. Ne2 Qe7 9. f3 c5 10. d5 Ne8 11. g4 Qh4+ 12. Ng3 h5 13. O-O hxg4
14. f4 exf4 15. Bxf4 g5 16. Nf5 Bxf5 17. Bg3 Qh6 18. Rxf5 Ng7 19. Qxg4
Nxf5 20. Qxf5 Na6 21. Rf1 Nc7 22. e5 dxe5 23. Qxe5 Ne8 24. Qe7 Ng7 25.
Rf6 Qh5 26. Be2 Qh7 27. Qxc5 Rae8 28. Qf2 Qb1+ 29. Bf1 Nh5 30. Rf5 f6
31. Bd6 Rf7 32. c5 Nf4 33. Rxf4 gxf4 34. Bxf4 Rg7+ 35. Bg3 f5 36. d6
Rf8 37. Qf4 Qe4 38. Bc4+ Kh7 39. Qf1 Qg4 40. Be2 Qg5 41. Kh1 Qh6 42.
Bf4 Qh4 43. Bd3 Rg4 44. Be5 Qg5 45. d7 Kg6 46. Bc7 Qf6 47. Qf3 Qc6 48.
Qxc6+ bxc6 49. d8=Q Rxd8 50. Bxd8 Ra4 51. Bb1 Rc4 52. Ba5 Rxc5 53. Bb4
Rd5 54. Bc2 c5 55. Bb3 Re5 56. Ba3 a5 57. Kg2 a4 58. Bxa4 c4 59. Bb4
Re2+ 60. Kg3 Kg5 61. h4+ Kf6 62. a3 Ke5 63. Bc6 Re3+ 64. Bf3 Rd3 65.
a4 f4+ 66. Kf2 Rd2+ 67. Ke1 Rh2 68. h5 Kf5 69. a5 Ra2 70. h6 Kg6 71.
Bd5 Kxh6 72. Bxc4 Ra1+ 73. Kf2 Kg5 74. a6 Kg4 75. Be2+ Kf5 76. Bc5 Ra2
77. Kf3 Ke5 78. a7 Kd5 79. Bd4 Kc6 80. Bd3 1-0

[Event "Rus Women's Ch"]
[Site "Elista"]
[Date "2002.05.11"]
[Round "1"]
[White "Dorofeeva A"]
[Black "Fominyh M"]
[Result "1/2-1/2"]
[WhiteTitle "IM"]
[WhiteElo "2304"]
[WhiteCountry "RUS"]
[BlackElo "2163"]
[BlackCountry "RUS"]
[Remark "Message"]
[PresId "115"]

1. d4 Nf6 2. c4 g6 3. Nf3 Bg7 4. Nc3 O-O 5. g3 d6 6. Bg2 Nbd7 7. O-O
e5 8. h3 Re8 9. e4 exd4 10. Nxd4 Nc5 11. Re1 h6 12. Nc2 Bd7 13. b4 Ne6
14. Rb1 Ng5 15. Bxg5 hxg5 16. Qd2 g4 17. h4 Be6 18. Nd5 Nd7 19. Nce3
Ne5 20. Qe2 Bh6 21. Red1 c6 22. Nf4 Qe7 23. c5 dxc5 24. bxc5 Bc8 25.
Rbc1 b6 26. h5 gxh5 27. Nxh5 bxc5 28. Rc2 a5 29. Qd2 Qg5 30. Nf4 Ra7
31. Qc3 Bf8 32. Nc4 Nf3+ 33. Bxf3 gxf3 34. Nd2 Rd8 35. Re1 Bg7 36.
Qxf3 Bg4 37. Qg2 Rad7 38. Nc4 Rd1 39. Rc1 Rxe1+ 40. Rxe1 Bc3 41. Rb1
Bd2 42. Nxd2 Rxd2 43. Rb8+ Kg7 44. Qh2 Rd8 45. Rxd8 Qxd8 46. Qg2 Qd1+
47. Qf1 c4 48. Qxd1 Bxd1 49. e5 Bf3 50. Kf1 Kh6 51. Ne2 c5 52. Ke1 Kg6
53. Kd2 Kf5 54. Ng1 Bd5 55. f4 c3+ 56. Kxc3 Bxa2 1/2-1/2

[Event "Rus Women's Ch"]
[Site "Elista"]
[Date "2002.05.11"]
[Round "1"]
[White "Vasilevich I"]
[Black "Zayac E"]
[Result "1-0"]
[WhiteElo "2226"]
[WhiteCountry "RUS"]
[BlackTitle "GM"]
[BlackElo "2346"]
[BlackCountry "RUS"]
[Remark "Message"]
[PresId "110"]

1. e4 e5 2. f4 exf4 3. Nf3 g5 4. h4 g4 5. Ne5 d6 6. Nxg4 Nf6 7. Nxf6+
Qxf6 8. Nc3 Nc6 9. d3 Bh6 10. Nd5 Qg7 11. Qe2 Be6 12. Nxc7+ Kd7 13.
Nxa8 Rxa8 14. Qf2 Qe5 15. c3 f5 16. Be2 fxe4 17. dxe4 Rg8 18. Rf1 Rf8
19. Bd2 Kc7 20. a4 Bb3 21. Qf3 Qe6 22. Qh5 Bc2 23. g3 Ne5 24. Bxf4
Nd3+ 25. Kd2 Nxf4 26. gxf4 Bxe4 27. Qg4 Bf5 28. Qf3 Qb3 29. Ke1 Re8
30. Rd1 Bf8 31. Qd5 Qxb2 32. Qd2 Qb3 33. Rf2 Qb6 34. Qd5 Be6 35. Qd3
Bg8 36. Rb1 Qc6 37. Kd2 Bg7 38. Bf3 d5 39. Rg2 Bh6 40. Qd4 Qd6 41. Rb5
Qxf4+ 42. Qxf4+ Bxf4+ 43. Kc2 a6 44. Rg7+ Kc6 45. Rbxb7 Be6 46. Rbe7
Bf5+ 47. Kd1 Rb8 48. Bg4 Be4 49. Re6+ Kc5 50. Ke1 Rb1+ 51. Kf2 Kc4 52.
Be2+ Kxc3 53. Rg4 Bb8 54. Rxa6 Kd2 55. Ra5 Rb4 56. Rxd5+ Kc3 57. Rc5+
Kd2 58. Ra5 Bc7 59. Rd5+ 1-0

[Event "Rus Women's Ch"]
[Site "Elista"]
[Date "2002.05.11"]
[Round "1"]
[White "Demina Y"]
[Black "Chistyakova T"]
[Result "1/2-1/2"]
[WhiteTitle "GM"]
[WhiteElo "2334"]
[WhiteCountry "RUS"]
[BlackElo "2207"]
[BlackCountry "RUS"]
[Remark "Message"]
[PresId "113"]

1. d4 d5 2. c4 c6 3. Nf3 Nf6 4. e3 Bg4 5. h3 Bh5 6. cxd5 Bxf3 7. Qxf3
cxd5 8. Nc3 e6 9. a3 a6 10. g3 Nc6 11. Bg2 Be7 12. O-O O-O 13. Qd1 Rc8
14. Bd2 Re8 15. Rc1 b5 16. Qe2 Qb6 17. Rfd1 Na5 18. Be1 Red8 19. Rc2
Nc4 20. Rdc1 a5 21. a4 bxa4 22. Nxa4 Qb3 23. Ra1 Bb4 24. Bxb4 Qxb4 25.
Nc5 Nd7 26. Nxd7 Rxd7 27. Bf1 Rdc7 28. Rac1 g6 29. e4 Qb6 30. exd5
exd5 31. Bg2 Qd6 32. b3 Nb6 33. Rxc7 Rxc7 34. Rxc7 Qxc7 35. Qb5 Qa7
36. Bxd5 Nxd5 37. Qxd5 Qb6 38. Kg2 h5 39. Kf3 Qb4 40. Ke2 Qc3 41. Qc4
Qb2+ 42. Ke3 Qb1 43. Qc3 Qf5 44. h4 g5 45. hxg5 Qxg5+ 46. Ke2 Qg4+ 47.
Kd2 Qf5 48. Qe3 Qb5 49. Qd3 Qd5 50. Kc3 Kg7 51. Qe3 f6 52. Kb2 Kg6 53.
Qc3 Qg2 54. Qc2+ f5 55. Qd2 Qd5 56. Qf4 Qb5 57. Qe5 Qb4 58. Qe6+ Kg7
59. Qd7+ Kg6 60. Qc6+ Kg5 61. Qc1+ Kg6 62. Qc3 Qb5 63. Qc4 Qb7 64. Ka3
Qf3 65. Qc2 Qh1 66. Qc3 Qf1 67. f4 h4 68. gxh4 Qxf4 69. Qxa5 Qxd4 70.
Qe1 f4 71. Qe8+ Kf5 72. h5 Qa1+ 73. Kb4 Qd4+ 74. Ka3 Qa1+ 75. Kb4 Qd4+
76. Ka3 Qa1+ 77. Kb4 Qd4+ 1/2-1/2

[Event "Rus Women's Ch"]
[Site "Elista"]
[Date "2002.05.11"]
[Round "1"]
[White "Kovanova B"]
[Black "Kryukova I"]
[Result "1-0"]
[WhiteElo "2124"]
[WhiteCountry "RUS"]
[BlackTitle "GM"]
[BlackElo "2304"]
[BlackCountry "RUS"]
[Remark "Message"]
[PresId "116"]

1. e4 e6 2. d4 d5 3. exd5 exd5 4. Bd3 Nc6 5. c3 Bd6 6. h3 h6 7. Qf3
Nf6 8. Ne2 O-O 9. O-O Re8 10. Ng3 Bf8 11. Be3 Be6 12. Nd2 Nb8 13. Rae1
Nbd7 14. Qd1 Bd6 15. f4 Nf8 16. Nf3 Rc8 17. Ne5 c5 18. Nf5 Bxf5 19.
Bxf5 Ne6 20. g4 cxd4 21. cxd4 Bb4 22. Re2 Ne4 23. Rg2 Rc7 24. g5 hxg5
25. fxg5 g6 26. Bxe4 dxe4 27. Ng4 Ng7 28. Nf6+ Kf8 29. Qg4 Re6 30. Qh4
Nf5 31. Rxf5 gxf5 32. d5 Ra6 33. g6 Qxf6 34. g7+ 1-0

[Event "Rus Women's Ch"]
[Site "Elista"]
[Date "2002.05.11"]
[Round "1"]
[White "Polovnikova E"]
[Black "Khusnutdinova L"]
[Result "1-0"]
[WhiteTitle "GM"]
[WhiteElo "2366"]
[WhiteCountry "RUS"]
[BlackTitle "IM"]
[BlackElo "2250"]
[BlackCountry "RUS"]
[Remark "Message"]
[PresId "17"]

1. e4 c6 2. d4 d5 3. e5 Bf5 4. c3 e6 5. Be3 Nd7 6. Nd2 c5 7. Ngf3 Ne7
8. dxc5 Nc6 9. Nd4 Bg6 10. f4 Nxc5 11. Bb5 Qc7 12. O-O Be7 13. b4 Nd7
14. g4 h6 15. Qe2 O-O 16. f5 Bh7 17. fxe6 Ndxe5 18. exf7+ Rxf7 19. Qg2
a6 20. Be2 Qd7 21. Rxf7 Nxf7 22. Rf1 Re8 23. Nxc6 bxc6 24. Bd4 a5 25.
bxa5 c5 26. Be3 d4 27. Bc4 Bg6 28. Nf3 Bd8 29. Bc1 Kh7 30. cxd4 cxd4
31. Bd2 Nd6 32. Bb3 Ne4 33. Bf4 d3 34. Kh1 Nc3 35. g5 Be4 36. gxh6 g6
37. Bd2 Ne2 38. Bf7 Re6 39. Bxe6 Qxe6 40. Qf2 Qd7 41. Qe3 Ba8 42. Qe5
Bc7 43. Qg7+ Qxg7 44. hxg7 Nd4 45. Kg2 Nc6 46. Ng5+ 1-0

[Event "Rus Women's Ch"]
[Site "Elista"]
[Date "2002.05.11"]
[Round "1"]
[White "Kosintseva N"]
[Black "Chasovnikova E"]
[Result "1/2-1/2"]
[WhiteTitle "GM"]
[WhiteElo "2373"]
[WhiteCountry "RUS"]
[BlackTitle "IM"]
[BlackElo "2222"]
[BlackCountry "RUS"]
[Remark "Message"]
[PresId "111"]

1. e4 c6 2. d4 d5 3. exd5 cxd5 4. c4 Nf6 5. Nc3 g6 6. Qb3 Bg7 7. cxd5
O-O 8. Be2 Na6 9. Bf3 Qb6 10. Qxb6 axb6 11. Nge2 Nb4 12. O-O Rd8 13.
d6 Rxd6 14. Bf4 Rd7 15. Rfd1 Nfd5 16. Bg3 Nxc3 17. bxc3 Nc6 18. Nf4
Ra5 19. Nd3 Ra3 20. d5 Na5 21. Ne5 Rd8 22. Rab1 Rxa2 23. d6 Rxd6 24.
Rxd6 exd6 25. Bd5 Rd2 26. Bxf7+ Kf8 27. Nf3 Rd3 28. Ba2 Bxc3 29. h4 d5
30. Bd6+ Kg7 31. Rc1 Nc6 32. Bc7 Bf6 33. Bxb6 Bg4 34. Nh2 Be6 35. Nf3
Ra3 36. Re1 Rxa2 37. Rxe6 Ra6 38. Bc5 Ra5 39. Bb6 Rb5 40. Bc7 d4 41.
Rd6 Rb1+ 42. Kh2 h5 43. Rd7+ Kg8 44. Kg3 Rb3 45. Kf4 Rb5 46. Ke4 Rb2
47. Bg3 Re2+ 48. Kd3 Re7 49. Rxe7 Nxe7 50. Be5 Bxe5 51. Nxe5 Kg7 52.
Nf3 Nf5 53. g3 Kf6 54. Nxd4 Ke5 55. Nb5 Ne7 56. Na3 Kf5 57. Nc4 Kg4
58. Ke4 b5 59. Ne3+ Kh3 60. Nd1 Kg2 61. Ke5 b4 62. Kf6 Nd5+ 63. Kxg6
Nc3 64. Nb2 Kxf2 65. Kxh5 Kxg3 66. Kg5 Ne4+ 67. Kf5 Kxh4 68. Kxe4
1/2-1/2

[Event "Rus Women's Ch"]
[Site "Elista"]
[Date "2002.05.11"]
[Round "1"]
[White "Pogonina N"]
[Black "Dordzhieva N"]
[Result "1-0"]
[WhiteElo "2303"]
[WhiteCountry "RUS"]
[BlackElo "2123"]
[BlackCountry "RUS"]
[Remark "Message"]
[PresId "117"]

1. e4 c6 2. d4 d5 3. Nc3 dxe4 4. Nxe4 Bf5 5. Ng3 Bg6 6. h4 h6 7. Nf3
Nf6 8. h5 Bh7 9. Bd3 Bxd3 10. Qxd3 e6 11. Bd2 Nbd7 12. O-O-O Qc7 13.
Ne4 Nxe4 14. Qxe4 Nf6 15. Qe2 O-O-O 16. g3 Bd6 17. c4 c5 18. Bc3 cxd4
19. Nxd4 a6 20. Kb1 Kb8 21. Nf3 Ka8 22. Ne5 Bxe5 23. Bxe5 Qc6 24. g4
Rhg8 25. f3 Rd7 26. Rxd7 Nxd7 27. Bc3 f6 28. Re1 e5 29. Rd1 Nc5 30.
Bb4 Ne6 31. Rd6 Nf4 32. Qf1 Qc7 33. b3 Rd8 34. Qd1 Rxd6 35. Qxd6 Qxd6
36. Bxd6 b6 37. Kc2 Kb7 38. Kd2 Kc6 39. Ba3 Kd7 40. Ke3 Ke6 41. Ke4
Ne2 42. Bb2 Nf4 43. Bc3 Ke7 44. Bd2 Ne6 45. Be3 b5 46. cxb5 axb5 47.
a4 bxa4 48. bxa4 Nc7 49. Kf5 Kf7 50. a5 Na6 51. Bc1 Nc7 52. Ba3 Nb5
53. Bc5 Nc7 54. Ke4 Ke6 55. Bf8 Kf7 56. Bd6 Na6 57. Kd5 g6 58. hxg6+
Kxg6 59. Kc6 Kf7 60. Kb7 1-0

[Event "Rus Women's Ch"]
[Site "Elista"]
[Date "2002.05.11"]
[Round "1"]
[White "Kozlovskaya V"]
[Black "Shumyakina T"]
[Result "1-0"]
[WhiteTitle "GM"]
[WhiteElo "2246"]
[WhiteCountry "RUS"]
[BlackTitle "GM"]
[BlackElo "2366"]
[BlackCountry "RUS"]
[Remark "Message"]
[PresId "18"]

1. d4 d5 2. c4 c6 3. Nc3 Nf6 4. Nf3 dxc4 5. a4 Bg4 6. e3 e6 7. Bxc4
Bb4 8. O-O O-O 9. Be2 Qe7 10. Ne5 Bxe2 11. Qxe2 Nbd7 12. Nd3 Bd6 13.
f4 c5 14. Kh1 Rfd8 15. dxc5 Nxc5 16. Nxc5 Bxc5 17. e4 Bb4 18. Nd1 Rac8
19. Nf2 Bc5 20. e5 Nd5 21. Ne4 Qh4 22. Bd2 Bb4 23. Bxb4 Nxb4 24. Rad1
Rxd1 25. Qxd1 Nd5 26. Qd2 b6 27. Nd6 Rc7 28. Kg1 h6 29. g3 Qd8 30. h4
Ne7 31. Qf2 Qa8 32. Rd1 Qc6 33. Nb5 Rd7 34. Rxd7 Qxd7 35. Qd4 Qxd4+
36. Nxd4 Kf8 37. Kf2 Ke8 38. Kf3 Kd7 39. g4 g6 40. h5 gxh5 41. gxh5 a6
42. Ke4 Nc6 43. Nc2 Ne7 44. Ne3 b5 45. axb5 axb5 46. b4 Ng8 47. Kd4 f6
48. Kc5 fxe5 49. fxe5 Ne7 50. Kxb5 Nc6 51. Ng4 Nd4+ 52. Kc4 Nf5 53.
Kc5 Kc7 54. b5 Ng3 55. b6+ Kb7 56. Nf6 Nf5 57. Ne8 Ng3 58. Nd6+ Kb8
59. Kc6 Nxh5 60. Ne8 Nf4 61. Nf6 Nd3 62. Nd7+ 1-0

[Event "Rus Women's Ch"]
[Site "Elista"]
[Date "2002.05.11"]
[Round "1"]
[White "Zimina O"]
[Black "Shaydullina S"]
[Result "1-0"]
[WhiteTitle "IM"]
[WhiteElo "2360"]
[WhiteCountry "RUS"]
[BlackElo "2245"]
[BlackCountry "RUS"]
[Remark "Message"]
[PresId "19"]

1. e4 c5 2. Nf3 d6 3. d4 cxd4 4. Nxd4 Nf6 5. Nc3 Nc6 6. Be3 e6 7. f3
Be7 8. Qd2 O-O 9. O-O-O d5 10. Qe1 e5 11. Nxc6 bxc6 12. exd5 Nxd5 13.
Bc4 Be6 14. a3 Rb8 15. Bb3 a5 16. h4 Qc7 17. Ne4 Nxe3 18. Qxe3 Bxb3
19. cxb3 Rb5 20. Rd3 Rd5 21. Kb1 Rfd8 22. Rc3 Rd1+ 23. Rxd1 Rxd1+ 24.
Ka2 h6 25. h5 f5 26. Ng3 Qd7 27. Qb6 Bxa3 28. Qxc6 Qxc6 29. Rxc6 f4
30. Nf5 Bf8 31. Nh4 Bd6 32. Nf5 Bf8 33. Nh4 Bd6 34. Nf5 Bf8 35. Ra6
Rd5 36. Ra7 Rb5 37. Ka1 Rc5 38. Kb1 e4 39. fxe4 Re5 40. Kc1 Rxe4 41.
Rxa5 Re2 42. Nh4 Be7 43. Ng6 Re1+ 44. Kc2 Bd6 45. Rd5 Re6 46. Kd3 Kf7
47. Rd4 Rf6 48. Ke4 Ke6 49. b4 Rf7 50. b5 Rb7 51. Rd5 Rc7 52. b6 Rc4+
53. Rd4 Rc6 54. Nxf4+ Bxf4 55. Kxf4 Rxb6 56. b4 Rb5 57. g4 Kf6 58. Ke4
Re5+ 59. Kd3 Kg5 60. Kc4 Re1 61. b5 Rc1+ 62. Kd5 g6 63. hxg6 Kxg6 64.
b6 Rb1 65. Kc6 Rc1+ 66. Kb5 Re1 67. b7 Re8 68. Kb6 1-0

[Event "Rus Women's Ch"]
[Site "elista"]
[Date "2002.05.12"]
[Round "2"]
[White "Kovanova B"]
[Black "Zimina O"]
[Result "0-1"]
[WhiteElo "2124"]
[WhiteCountry "RUS"]
[BlackTitle "IM"]
[BlackElo "2360"]
[BlackCountry "RUS"]
[PresId "205"]

1. e4 c6 2. d4 d5 3. exd5 cxd5 4. Bd3 Nc6 5. c3 Qc7 6. f4 Nh6 7. Nf3
Bf5 8. Be2 e6 9. O-O Be4 10. Ng5 Qd7 11. Nd2 f5 12. Ndf3 Be7 13. Ne5
Nxe5 14. fxe5 O-O 15. Qb3 Bxg5 16. Bxg5 Nf7 17. Bd2 a6 18. Rac1 Rac8
19. Be3 Nd8 20. a4 Nc6 21. Qb6 Ne7 22. Bg5 Rc6 23. Qb4 Nc8 24. Be3 Nb6
25. b3 Nc8 26. c4 dxc4 27. bxc4 f4 28. d5 exd5 29. Bxf4 Rg6 30. Bg3
Rd8 31. cxd5 Bxd5 32. Rcd1 Ne7 33. Bh5 Rc6 34. e6 Qxe6 35. Rde1 Rc2
36. Rf2 Nc6 37. Qb1 Rxf2 38. Bxf2 Qf6 39. Qb6 Qg5 40. Qxd8+ Qxd8 41.
Re8+ Qxe8 42. Bxe8 Ne5 43. Bc5 Bc6 44. Bd4 Nc4 45. Bh5 Bxa4 46. Be2
Nd6 47. Be5 Nf5 48. Bd3 Ne7 49. Bd6 Kf7 50. Bxh7 Ke6 51. Ba3 Bc6 52.
Kf2 a5 53. g4 b5 54. Bb2 g6 55. h4 Be8 56. Ke3 Nd5+ 57. Kd2 Nf6 58.
Bxf6 Kxf6 59. Bg8 Bf7 60. g5+ Kg7 0-1

[Event "Rus Women's Ch"]
[Site "elista"]
[Date "2002.05.12"]
[Round "2"]
[White "Kozlovskaya V"]
[Black "Grabuzova T"]
[Result "1/2-1/2"]
[WhiteTitle "GM"]
[WhiteElo "2246"]
[WhiteCountry "RUS"]
[BlackTitle "GM"]
[BlackElo "2388"]
[BlackCountry "RUS"]
[PresId "202"]

1. d4 e6 2. Nf3 c5 3. e3 Nf6 4. c4 d5 5. Nc3 Nc6 6. a3 a6 7. dxc5 Bxc5
8. b4 Ba7 9. Bb2 O-O 10. Be2 a5 11. b5 Ne7 12. O-O Nf5 13. cxd5 exd5
14. Nd4 Nxd4 15. exd4 Bf5 16. Na4 Rc8 17. Rc1 Qd6 18. Nc5 b6 19. Nd3
Rxc1 20. Bxc1 Bb8 21. g3 Ne4 22. Qb3 Qf6 23. Be3 Rc8 24. Rc1 Rxc1+ 25.
Nxc1 Be6 26. Qc2 Qd8 27. Bf1 Bd6 28. a4 Qc7 29. Qc6 Qxc6 30. bxc6 Kf8
31. Na2 Ke7 32. f3 Nf6 33. Bg5 Kd8 34. Bb5 Kc7 35. Bxf6 gxf6 36. Kf2
f5 37. Ke3 Bf8 38. Kd3 Bh6 39. Nc3 f4 40. g4 f5 41. h3 fxg4 42. hxg4
Bf8 43. Kc2 h6 44. Kd3 Bf7 45. Kc2 Bb4 46. Ne2 Bg6+ 47. Bd3 Bxd3+ 48.
Kxd3 Bd6 49. Nc3 Kxc6 50. Nb5 Bb4 1/2-1/2

[Event "Rus Women's Ch"]
[Site "elista"]
[Date "2002.05.12"]
[Round "2"]
[White "Tomilova E"]
[Black "Khusnutdinova L"]
[Result "1/2-1/2"]
[WhiteElo "2311"]
[WhiteCountry "RUS"]
[BlackTitle "IM"]
[BlackElo "2250"]
[BlackCountry "RUS"]
[PresId "215"]

1. e4 c6 2. d4 d5 3. exd5 cxd5 4. c4 Nf6 5. Nc3 e6 6. Nf3 Be7 7. cxd5
Nxd5 8. Bc4 Nf6 9. O-O O-O 10. Ne5 Bd7 11. Be3 Nc6 12. Qf3 Qa5 13.
Nxd7 Nxd7 14. Bb3 Rad8 15. Rad1 Nf6 16. Rfe1 Bb4 17. Re2 Bxc3 18. bxc3
Qxc3 19. Rc2 Qb4 20. Rc4 Qe7 21. Bg5 Rd5 22. Qe3 h6 23. Bh4 Rfd8 24.
Rxc6 bxc6 25. Bxd5 cxd5 26. Rc1 Rb8 27. h3 Qb4 28. Bxf6 gxf6 29. Qxh6
Qxd4 30. Re1 f5 31. Re3 f4 32. Rf3 e5 33. Kh2 Rb6 34. Qh4 Rg6 35. Rb3
Rb6 36. Qg5+ Kf8 37. Qd8+ Kg7 38. Rxb6 axb6 39. Qg5+ Kf8 40. Qd8+
1/2-1/2

[Event "Rus Women's Ch"]
[Site "elista"]
[Date "2002.05.12"]
[Round "2"]
[White "Strutinskaya G"]
[Black "Semenova I"]
[Result "1/2-1/2"]
[WhiteTitle "IM"]
[WhiteElo "2336"]
[WhiteCountry "RUS"]
[BlackTitle "IM"]
[BlackElo "2284"]
[BlackCountry "RUS"]
[PresId "210"]

1. d4 Nf6 2. c4 g6 3. Nf3 Bg7 4. g3 O-O 5. Nc3 d6 6. Bg2 Nbd7 7. O-O
e5 8. e4 exd4 9. Nxd4 Re8 10. Re1 a6 11. Rb1 Rb8 12. a4 Ne5 13. b3 Bd7
14. f4 Nc6 15. Nc2 Qc8 16. Bb2 Bh3 17. Bf3 h5 18. Qd2 Bg4 19. Bg2 Ne7
20. Ne3 Bh3 21. Bf3 Kh7 22. Rbc1 Neg8 23. Ned5 Ng4 24. Re2 Qd8 25. a5
c5 26. Na4 Bxb2 27. Qxb2 N4f6 28. Nab6 Be6 29. Rd1 Bxd5 30. cxd5 Nd7
31. Nc4 Qe7 32. e5 dxe5 33. fxe5 Qg5 34. e6 fxe6 35. dxe6 Nf8 36. Rde1
Re7 37. Kg2 Rd8 38. Qc2 Kg7 39. Nb6 Nxe6 40. Qc3+ Nd4 41. Rxe7+ Nxe7
42. h4 Qf6 43. Bxb7 Rf8 44. Qe3 Nef5 45. Qe5 Qxe5 46. Rxe5 Nxb3 47.
Bxa6 Nxa5 48. Rxc5 Nb3 49. Rc7+ Kh6 50. Nd5 Nbd4 51. Bd3 1/2-1/2

[Event "Rus Women's Ch"]
[Site "elista"]
[Date "2002.05.12"]
[Round "2"]
[White "Chistyakova T"]
[Black "Dorofeeva A"]
[Result "1/2-1/2"]
[WhiteElo "2207"]
[WhiteCountry "RUS"]
[BlackTitle "IM"]
[BlackElo "2304"]
[BlackCountry "RUS"]
[PresId "212"]

1. Nf3 d5 2. d4 Nf6 3. c4 c6 4. e3 e6 5. Nbd2 Be7 6. b3 O-O 7. Bd3
dxc4 8. bxc4 c5 9. Bb2 Nc6 10. O-O b6 11. a3 Bb7 12. Qc2 h6 13. Rfd1
cxd4 14. exd4 Rc8 15. Rac1 Qd6 16. d5 exd5 17. Bf5 Rcd8 18. Ne4 Nxe4
19. Bxe4 d4 20. Nxd4 Nxd4 21. Rxd4 Bxe4 22. Qxe4 Qc7 23. Qg4 Bf6 24.
Rxd8 Qxd8 25. Rd1 Qe7 26. Bxf6 Qxf6 27. Qd4 Qe7 28. Qe3 Qxe3 29. fxe3
Rc8 30. Rd4 Rc7 31. Kf2 Kf8 32. Ke2 Ke7 33. Kd3 h5 34. Rd5 1/2-1/2

[Event "Rus Women's Ch"]
[Site "elista"]
[Date "2002.05.12"]
[Round "2"]
[White "Kryukova I"]
[Black "Shaydullina S"]
[Result "1/2-1/2"]
[WhiteTitle "GM"]
[WhiteElo "2304"]
[WhiteCountry "RUS"]
[BlackElo "2245"]
[BlackCountry "RUS"]
[PresId "216"]

1. e4 c5 2. Nf3 d6 3. Bb5+ Nd7 4. O-O Ngf6 5. Re1 e6 6. c3 Be7 7. d4
O-O 8. e5 Ne8 9. Bd3 Rb8 10. Qe2 a6 11. a4 cxd4 12. exd6 Nxd6 13. cxd4
b5 14. axb5 axb5 15. Nc3 b4 16. Nd5 exd5 17. Qxe7 Qxe7 18. Rxe7 Nf6
19. Bf4 Rb6 20. Bxd6 Rxd6 21. Ne5 Rb6 22. Raa7 Be6 23. Reb7 Rxb7 24.
Rxb7 Rc8 25. f3 g5 26. Rxb4 Rc1+ 27. Kf2 Nh5 28. Rb8+ Kg7 29. b4 Nf4
30. Bf1 Rc2+ 31. Kg1 Rc1 32. Kf2 Rc2+ 33. Kg1 Rc1 34. Kf2 Rc2+ 35. Kg1
Rc1 1/2-1/2

[Event "Rus Women's Ch"]
[Site "elista"]
[Date "2002.05.12"]
[Round "2"]
[White "Chasovnikova E"]
[Black "Slavina I"]
[Result "0-1"]
[WhiteTitle "IM"]
[WhiteElo "2222"]
[WhiteCountry "RUS"]
[BlackTitle "GM"]
[BlackElo "2370"]
[BlackCountry "RUS"]
[PresId "207"]

1. e4 c5 2. Nf3 e6 3. d4 cxd4 4. Nxd4 a6 5. Bd3 Qb6 6. Nb3 Qc7 7. O-O
Nf6 8. Nc3 d6 9. f4 Nbd7 10. Kh1 b5 11. a3 Bb7 12. Be3 h5 13. Nd4 Be7
14. Qe1 h4 15. h3 Nh5 16. Nde2 Bf6 17. Rd1 Bc6 18. Bf2 Qd8 19. e5 dxe5
20. Be4 Qc7 21. Bxh4 exf4 22. Bxf6 Ndxf6 23. Nxf4 Nxf4 24. Bxc6+ Qxc6
25. Rxf4 Rxh3+ 26. Kg1 Qb6+ 27. Rf2 Rxc3 28. bxc3 Ng4 29. Rd4 Nxf2 30.
Qxf2 Rd8 31. Rxd8+ Qxd8 32. Qc5 Qd1+ 33. Kh2 Qd5 34. Qc8+ Ke7 35. Qxa6
Qd6+ 36. Qxd6+ Kxd6 37. c4 bxc4 38. Kg3 e5 39. Kf3 f5 40. Ke3 g5 41.
Kd2 f4 42. a4 e4 43. a5 e3+ 44. Kc3 Ke5 0-1

[Event "Rus Women's Ch"]
[Site "elista"]
[Date "2002.05.12"]
[Round "2"]
[White "Zayac E"]
[Black "Druzhinina O"]
[Result "1-0"]
[WhiteTitle "GM"]
[WhiteElo "2346"]
[WhiteCountry "RUS"]
[BlackElo "2261"]
[BlackCountry "RUS"]
[PresId "214"]

1. d4 Nf6 2. c4 g6 3. Nc3 d5 4. Bg5 Ne4 5. Bh4 Nxc3 6. bxc3 c6 7. e3
Bg7 8. Nf3 O-O 9. Qb3 Re8 10. Be2 Qa5 11. O-O Nd7 12. cxd5 cxd5 13. c4
e5 14. Rad1 exd4 15. Nxd4 dxc4 16. Bxc4 Ne5 17. Qb5 Qxb5 18. Bxb5 Bd7
19. Bxd7 Nxd7 20. Nb5 Re4 21. Nc7 Rb8 22. Rxd7 Rxh4 23. f4 Rh6 24. Nd5
a5 25. Rc1 b5 26. Rcc7 Rf8 27. Rb7 b4 28. Ra7 1-0

[Event "Rus Women's Ch"]
[Site "elista"]
[Date "2002.05.12"]
[Round "2"]
[White "Fominyh M"]
[Black "Demina Y"]
[Result "0-1"]
[WhiteElo "2163"]
[WhiteCountry "RUS"]
[BlackTitle "GM"]
[BlackElo "2334"]
[BlackCountry "RUS"]
[PresId "211"]

1. d4 d5 2. c4 dxc4 3. Nf3 e6 4. e3 c5 5. Bxc4 a6 6. O-O Nf6 7. dxc5
Qxd1 8. Rxd1 Bxc5 9. Be2 b6 10. Nbd2 Bb7 11. Nb3 Be7 12. Nfd4 Nbd7 13.
f3 O-O 14. e4 Rfc8 15. Be3 g6 16. Nd2 e5 17. N4b3 Rc2 18. Bd3 Rc6 19.
Rac1 Rac8 20. Rxc6 Rxc6 21. Nc4 Kf8 22. Rc1 Bd8 23. Rd1 Bc7 24. Be2
Ke8 25. Bd2 Kd8 26. Bb4 Ne8 27. Ne3 Bd6 28. Bc3 Bb8 29. Bc4 Nd6 30.
Bd5 Rc8 31. Bxe5 Bxd5 32. Rxd5 Nxe5 33. Rxe5 Nc4 34. Rd5+ Ke7 35. Nxc4
Rxc4 36. g3 a5 37. Kf2 h5 38. Ke3 h4 39. Kd3 Rc8 40. e5 hxg3 41. hxg3
f6 42. exf6+ Kxf6 43. f4 Rh8 44. Rd7 a4 45. Nd2 g5 46. Ne4+ Ke6 47.
Rb7 Rd8+ 48. Ke3 gxf4+ 49. gxf4 Kd5 50. Rxb6 Ba7 51. Nc3+ Kc4 52. Nxa4
Bxb6+ 53. Nxb6+ Kb5 54. Ke4 Kxb6 55. f5 Kc6 56. Ke5 Rd2 57. Ke6 Rxb2
58. f6 Re2+ 59. Kf7 Kd7 60. a4 Ra2 61. Kg7 Ke6 62. f7 Rg2+ 63. Kf8 Rf2
0-1

[Event "Rus Women's Ch"]
[Site "elista"]
[Date "2002.05.12"]
[Round "2"]
[White "Mirzoeva E"]
[Black "Dordzhieva N"]
[Result "1-0"]
[WhiteTitle "IM"]
[WhiteElo "2296"]
[WhiteCountry "RUS"]
[BlackElo "2123"]
[BlackCountry "RUS"]
[PresId "217"]

1. e4 c6 2. Nf3 d5 3. Nc3 Bg4 4. Be2 e6 5. O-O dxe4 6. Nxe4 Nf6 7. Ng3
Bd6 8. d4 Nbd7 9. h3 Bxf3 10. Bxf3 O-O 11. c4 Qc7 12. Ne2 e5 13. Qc2
Rfe8 14. g3 Rad8 15. Bg2 exd4 16. Nxd4 Bc5 17. Bf4 Qb6 18. Nf5 Ne5 19.
Rad1 Nh5 20. Bg5 Rxd1 21. Qxd1 g6 22. b3 Ng7 23. Nh6+ Kf8 24. Bf6 Nh5
25. Bh4 Ng7 26. Qe2 Bd4 27. Kh1 Ne6 28. f4 Nd7 29. Qd1 Bg7 30. Qd6+
1-0